00289nam a2200121Ia 45000030006000000080041000060400015000471000017000622450035000792600024001145460012001380050017001500STCL150530s9999 xx 000 0 und d aSTCLcSTCL aAlbert Camus aCamus caligula and other plays bPenguin booksc1965 aEnglish20220125171009.0